Quiz o Polsce Dla GeoMexa - Statystyki

Ogólne statystyki
  • Ten quiz został rozwiązany 83 razy
  • Średni wynik to 7 z 10
Statystyki odpowiedzi
Hint Odpowiedź % Poprawnych
Czy subskrybujesz kanał Geomex? Tak
96%
Z kim Polska odpadła na mundialu Francja
87%
Z kim Polska Grała przegrala w grupie Argentyna
84%
Ile Polska razem strzeliła goli na mundialu 2022 3
81%
Ile Polska miała punktów w Grupie 4
81%
Z kim Polska wygrała w Grupie Arabia Saudyjska
78%
Z kim Polska zremisowała w grupie Meksyk
78%
Z kim Polska zagra 27 marca 2023 Albania
54%
W ktorej grupie grala Polska na mundialu Grupa C
54%
Kiedy Polska zagra z Czechami 24 Marca 2023
26%
Nie znaleziono quizów pasujących do podanych kryteriów
Rozkład punktacji
Procent ludzi z każdym wynikiem
Percentyl według liczby udzielonych odpowiedzi
Twoja historia wyników
Nie rozwiązałeś tego quizu